00640nam a2200181Ia 4500003000900000008004100009040001600050080001700066100002800083245013200111260003400243300001300277490003100290650002600321942000700347999001300354952009100367IN-BaIIA211028s9999 xx 000 0 eng d cIIA Library a514.742bWEA aWeatherburn, C. E91704 0aAdvanced vector analysisbwith applications to mathematical physicscC. E. Weatherburn  aLondonbG.Bell and Sonsc1949 av, 222p. aBell's mathematical series aVector analysis91705 cBK c792d792 00104070aBANbKODcGENd0000-00-00l0o514.742/WEAp818r2021-11-05w0000-00-00yBK